000 02892nam2a22003011 4500
001 rc\3707719
005 20250610063141.0
035 _a(NLR Aleph) 007766574
090 _a7422997
_c7422997
100 _a20130115d1971 |||y0rusy50 ca
101 1 _arus
_ceng
102 _aRU
105 _ay z |||||
200 1 _aЛицензирование операторов
210 _d1971
_aБ. м.
215 _a28 с.
225 1 _aГосударственный комитет по использованию атомной энергии СССР. Центральный научно-исследовательский институт информации и технико-экономических исследований по атомной науке и технике. [Информационный бюллетень по материалам зарубежной печати]
300 _aПер. из: Code of Federal Regulation, 1963
423 0 _11010#$arus
_12001#$aЧасть 100. Критерии местоположения реактора
_tЧасть 100. Критерии местоположения реактора
423 0 _11010#$arus
_12001#$aЧасть 115. Правила лицензирования некоторых реакторов, не отвечающих требованиям, установленным для лицензирования
_tЧасть 115. Правила лицензирования некоторых реакторов, не отвечающих требованиям, установленным для лицензирования
461 0 _1001rc\3707717
_12001#$aСвод федеральных правил США по безопасности реакторов$e[Вып. 1-$fГос. ком. по использованию атомной энергии СССР. Центр. науч.-исслед. ин-т информации и техн.-экон. исследований по атомной науке и технике...$vВып. 2. Часть 55
_97422978
_cМосква]
_d1970-
_fГос. ком. по использованию атомной энергии СССР. Центр. науч.-исслед. ин-т информации и техн.-экон. исследований по атомной науке и технике...
_nАтомиздат
_o[Вып. 1-
_tСвод федеральных правил США по безопасности реакторов
_vВып. 2. Часть 55
517 0 _aПравила лицензирования некоторых реакторов, не отвечающих требованиям, установленным для лицензирования
517 0 _aКритерии местоположения реактора
801 0 _aRU
_bNLR
_gpsbo
801 1 _aRU
_bELAR
_2rusmarc
852 _aNLR
_j71-8/1100
942 _cBOOK
980 _aNB